[Event "Sabadell op-A 10th"]
[Site "Sabadell"]
[Date "2017.09.07"]
[Round "7"]
[White "Hapala, Elisabeth"]
[Black "Hernandez Requena, Francesc"]
[Result "1-0"]
[WhiteElo "2048"]
[BlackElo "1809"]
[PlyCount "57"]
[EventDate "2017.09.01"]
[EventType "swiss"]
[EventRounds "9"]
[EventCountry "ESP"]
[SourceTitle "CBM 180 Extra"]
[Source "ChessBase"]
[SourceDate "2017.10.06"]
[SourceVersion "1"]
[SourceVersionDate "2017.10.06"]
[SourceQuality "1"]

1. e4 c6 2. d4 d5 3. e5 Bf5 4. Nf3 e6 5. Be2 c5 6. Be3 Nc6 7. dxc5 Qa5+ 8. c3 Qc7 9. 0-0 b6 10. cxb6 axb6 11. Bb5 Bg4 12. Qd4 Bxf3 13. Qxb6 Rc8 14. gxf3 Nge7 15. a4 Nf5 16. Qxc7 Rxc7 17. Bb6 Rc8 18. Nd2 Be7 19. f4 0-0 20. a5 Bd8 21. Bxd8 Rfxd8 22. Nf3 Na7 23. Bd3 Ne7 24. Nd4 Nec6 25. Rfb1 Rb8 26. Nxc6 Nxc6 27. b4 d4 28. b5 dxc3 29. bxc6 1-0

[Event "Sabadell op-A 10th"]
[Site "Sabadell"]
[Date "2017.09.03"]
[Round "3"]
[White "Gomez Jurado, Luis Alberto"]
[Black "Hernandez Requena, Francesc"]
[Result "1-0"]
[WhiteElo "2255"]
[BlackElo "1809"]
[PlyCount "109"]
[EventDate "2017.09.01"]
[EventType "swiss"]
[EventRounds "9"]
[EventCountry "ESP"]
[SourceTitle "CBM 180 Extra"]
[Source "ChessBase"]
[SourceDate "2017.10.06"]
[SourceVersion "1"]
[SourceVersionDate "2017.10.06"]
[SourceQuality "1"]

1. c4 Nf6 2. g3 e6 3. Bg2 d5 4. Nf3 c5 5. 0-0 Nc6 6. cxd5 exd5 7. d4 cxd4 8. Nxd4 Bc5 9. Nb3 Be7 10. Nc3 Be6 11. Be3 0-0 12. Rc1 Rc8 13. Nb5 a6 14. N5d4 Nxd4 15. Bxd4 Rxc1 16. Qxc1 Ne4 17. f3 Nd6 18. Nc5 Bc8 19. Rd1 b6 20. Nd3 Bb7 21. Nf4 Nf5 22. Bf2 d4 23. g4 Nh4 24. Rxd4 Qa8 25. Qc7 Bc5 26. Rd7 Bxf2+ 27. Kxf2 Nxg2 28. Kxg2 Qb8 29. Rxf7 Qxc7 30. Rxc7 Rxf4 31. Rxb7 Rf6 32. e4 Rc6 33. Kg3 b5 34. b3 Rc2 35. a4 bxa4 36. bxa4 Ra2 37. e5 Rxa4 38. e6 Kf8 39. Rf7+ Kg8 40. Rf5 Rc4 41. Rd5 Kf8 42. f4 Rc3+ 43. Kh4 Rc7 44. f5 Ra7 45. Rd8+ Ke7 46. Rg8 Kf6 47. Rf8+ Ke5 48. Rf7 Ra8 49. Rxg7 a5 50. Rd7 a4 51. e7 Re8 52. Ra7 Kf6 53. Rxa4 Rxe7 54. Ra6+ Kf7 55. Kg5 1-0

[Event "Barcelona Sant Marti op-A 19th"]
[Site "Barcelona"]
[Date "2017.07.17"]
[Round "5"]
[White "Mateus Urbano, Luis Alejandro"]
[Black "Hernandez Requena, Francesc"]
[Result "1-0"]
[WhiteElo "2240"]
[BlackElo "1807"]
[PlyCount "69"]
[EventDate "2017.07.13"]
[EventType "swiss"]
[EventRounds "9"]
[EventCountry "ESP"]
[SourceTitle "EXT 2018"]
[Source "ChessBase"]
[SourceDate "2017.10.13"]
[SourceVersion "1"]
[SourceVersionDate "2017.10.13"]
[SourceQuality "1"]

1. e4 c6 2. d4 d5 3. Nc3 dxe4 4. Nxe4 Nf6 5. Nxf6+ exf6 6. Be3 Be7 7. Bd3 Be6 8. Ne2 Qd7 9. Ng3 Na6 10. a3 b5 11. b3 0-0 12. 0-0 Nc7 13. c4 bxc4 14. bxc4 Rfd8 15. Qc2 g6 16. Rfd1 f5 17. Ne2 Bf6 18. Rab1 Ne8 19. d5 cxd5 20. c5 Qc8 21. Nd4 Be5 22. f4 Bg7 23. h3 Bf8 24. Rdc1 Nc7 25. Qa4 Rb8 26. c6 Rxb1 27. Bxb1 Bd6 28. Bd3 a6 29. Kh1 Qa8 30. Bd2 Rb8 31. Bc3 Qa7 32. Re1 Bc5 33. Ba1 Bd6 34. Qc2 Bxf4 35. Qc3 1-0

[Event "Barcelona Sant Marti op-A 19th"]
[Site "Barcelona"]
[Date "2017.07.14"]
[Round "2"]
[White "Hernandez Requena, Francesc"]
[Black "Buchenau, Frank"]
[Result "0-1"]
[WhiteElo "1807"]
[BlackElo "2279"]
[PlyCount "52"]
[EventDate "2017.07.13"]
[EventType "swiss"]
[EventRounds "9"]
[EventCountry "ESP"]
[SourceTitle "EXT 2018"]
[Source "ChessBase"]
[SourceDate "2017.10.13"]
[SourceVersion "1"]
[SourceVersionDate "2017.10.13"]
[SourceQuality "1"]

1. d4 e6 2. c4 Nf6 3. Nf3 b6 4. g3 Bb7 5. Bg2 Be7 6. Nc3 0-0 7. 0-0 Ne4 8. Qc2 Nxc3 9. Qxc3 f5 10. Ne5 Bxg2 11. Kxg2 Qe8 12. h4 d6 13. Nf3 Nd7 14. Bf4 Bf6 15. Bg5 h6 16. Rh1 Qg6 17. h5 Qf7 18. Be3 e5 19. Qd2 e4 20. Ne1 c5 21. d5 b5 22. Bf4 Nb6 23. cxb5 Nxd5 24. Bxd6 e3 25. fxe3 Rfd8 26. e4 fxe4 0-1

[Event "Barbera del Valles op 39th"]
[Site "Barbera del Valles"]
[Date "2016.07.10"]
[Round "7"]
[White "Hernandez Requena, Francesc"]
[Black "Clanchet Olle, Josep"]
[Result "1-0"]
[WhiteElo "1718"]
[BlackElo "1733"]
[PlyCount "71"]
[EventDate "2016.07.04"]
[EventType "swiss"]
[EventRounds "9"]
[EventCountry "ESP"]
[SourceTitle "EXT 2017"]
[Source "ChessBase"]
[SourceDate "2016.10.25"]
[SourceVersion "1"]
[SourceVersionDate "2016.10.25"]
[SourceQuality "1"]

1. e4 e5 2. Nf3 Nc6 3. Bb5 Bc5 4. c3 Nf6 5. 0-0 Nxe4 6. d4 exd4 7. cxd4 Be7 8. d5 Nb4 9. a3 Na6 10. Re1 f5 11. d6 Nxd6 12. Bg5 Ne4 13. Nc3 0-0 14. Bxe7 Qxe7 15. Bxa6 bxa6 16. Qd5+ Kh8 17. Nxe4 c6 18. Qd6 Qxd6 19. Nxd6 a5 20. Re7 Ba6 21. Rae1 h6 22. h4 Rab8 23. h5 Rxb2 24. Ne5 Rfb8 25. Ng6+ Kh7 26. Nxf5 Rg8 27. Re8 Rb8 28. Rxb8 Rxb8 29. Re7 Rg8 30. Rxd7 Bc8 31. Rf7 Bxf5 32. Rxf5 Rc8 33. Rf8 Rxf8 34. Nxf8+ Kg8 35. Nd7 a6 36. Kf1 1-0